LEADER 00915nam0-22002771i-450- 001 990001175950403321 035 $a000117595 035 $aFED01000117595 035 $a(Aleph)000117595FED01 035 $a000117595 100 $a20000920d1975----km-y0itay50------ba 101 1$aeng 200 1 $aTrivial Extensions of Abelian Categories Homological Algebra of Trivial Extensions of Abelian Categories with Applications to Ring Theory$fby FOSSUM, GRIFFITH, and REITEN . 210 $aBerlin [etc.]$cSpringer-Verlag$d1975 225 1 $aLecture Notes in Mathematics$v456 700 1$aFossum,$bRobert M.$055673 702 1$aGriffith,$bPhillip A. 702 1$aReiten,$bIdun 801 0$aIT$bUNINA$gRICA$2UNIMARC 901 $aBK 912 $a990001175950403321 952 $aC-20-(456$b16591$fMA1 959 $aMA1 996 $aTrivial extensions of Abelian categories$9262789 997 $aUNINA DB $aING01